Total business planning (Record no. 81347)

MARC details
000 -LEADER
fixed length control field 00940nam a2200229 a 4500
008 - FIXED-LENGTH DATA ELEMENTS--GENERAL INFORMATION
fixed length control field 120416s1988 ||||||||||||||||| || u
020 ## - INTERNATIONAL STANDARD BOOK NUMBER
International Standard Book Number 0471823791
050 ## - LIBRARY OF CONGRESS CALL NUMBER
Classification number HD 30.28 Bur
100 ## - MAIN ENTRY--PERSONAL NAME
Personal name Burton, E. James
245 10 - TITLE STATEMENT
Title Total business planning
246 ## -
-- a step-by-step guide with forms
260 ## - PUBLICATION, DISTRIBUTION, ETC.
Place of publication, distribution, etc. New York
Name of publisher, distributor, etc. John Wiley and Sons
Date of publication, distribution, etc. 1988
300 ## - PHYSICAL DESCRIPTION
Extent vii, 205 p. : ill.
350 ## -
-- 0.00
490 ## -
-- Modern accounting perspectives and practice
490 ## -
-- Modern accounting perspectives and practices series.
650 #0 - SUBJECT ADDED ENTRY--TOPICAL TERM
Topical term or geographic name entry element BUSINESS PLANNING
650 #0 - SUBJECT ADDED ENTRY--TOPICAL TERM
Topical term or geographic name entry element BUSINESS
700 ## - ADDED ENTRY--PERSONAL NAME
Personal name McBride, W. Blan
995 ## -
-- ANNEX COLLECTION (Main Library)
-- 0.00
-- 721848
-- CBU-MAIN LIBRARY (Kitwe)
-- 2
-- 50.30
-- HD 30.28 Bur
-- 2
-- AVAILABLE
-- 003088
-- Annex Low-Usage Collection
995 ## -
-- ANNEX COLLECTION (Main Library)
-- 0.00
-- 721847
-- CBU-MAIN LIBRARY (Kitwe)
-- 1
-- 50.30
-- HD 30.28 Bur
-- 1
-- AVAILABLE
-- 003087
-- Annex Low-Usage Collection
999 ## -
-- 81347
-- 81347
Holdings
Withdrawn status Lost status Source of classification or shelving scheme Damaged status Not for loan Permanent Location Current Location Shelving location Date acquired Total Checkouts Full call number Barcode Date last seen Copy number Price effective from Koha item type
          CBU-MAIN LIBRARY, KITWE. CBU-MAIN LIBRARY, KITWE.   08/18/2023   HD 30.28 Bur 003088 08/18/2023 1 08/18/2023 MONOGRAPH
Withdrawn         CBU-MAIN LIBRARY, KITWE. CBU-MAIN LIBRARY, KITWE.   08/18/2023   HD 30.28 Bur 003087 08/18/2023 2 08/18/2023 MONOGRAPH